EL EMBALAJE EN MESOAMERICA /

INCLUYE BIBLIOGRAFIA

Guardado en:
Detalles Bibliográficos
Autor principal: Macazaga Ordoño, César (autor)
Formato: Libro
Temas:
Etiquetas: Agrega una etiqueta
Sin etiquetas, Sé el primero en etiquetar este registro!

MARC

LEADER 00000nam^a2200000^a^4500
001 000240509
005 20250521000000.0
009 20260310105139.498
020 |a 968-440-020-9 
035 |a 064365 
037 |a Acervo Xavier Clavigero 
082 |a 658. 564  |b MAC 
100 |a Macazaga Ordoño, César  |e (autor) 
245 1 3 |a EL EMBALAJE EN MESOAMERICA /  |c CESAR MACAZAGA ORDOÑO 
264 |a MEXICO :  |b COSMOS,  |c 1978 
300 |a [17] h. :  |b retrs. 
336 |a texto  |b txt  |2 rdacontenido 
337 |a sin mediación  |b n  |2 rdamedio 
338 |a volumen  |b nc  |2 rdasoporte 
520 |a INCLUYE BIBLIOGRAFIA 
649 |a XX 
650 |a Empaque y Embalaje 
650 |a Indígenas de México 
910 |a Fondo General 
920 |a Impresos - Libros 
930 |a Colección General 
905 |a 101 
901 |a 064365  |b IT1  |c ACC  |i 064365  |u 20250521 
902 |a https://opac.biblio.iteso.mx/vufind/Record/000240509